| 000 | 00499nam a22001937a 4500 | ||
|---|---|---|---|
| 003 | MPLRDC | ||
| 005 | 20220104185507.0 | ||
| 008 | 210129b ||||| |||| 00| 0 eng d | ||
| 020 | _a986-6843-20-4 | ||
| 082 | _a429.1 YLF | ||
| 100 | _a原利夫 | ||
| 245 |
_a生男生女随心所欲健康宝典 _c |
||
| 250 | _a初版一刷 | ||
| 260 |
_a台湾 _b汉宇国际文化有限公司 _c2009 |
||
| 300 | _b平 | ||
| 490 | _a我的健康护照. 7 | ||
| 650 | _a性知识 | ||
| 942 |
_cBK _o429.1 YLF |
||
| 999 |
_c63353 _d63343 |
||